[Event "Asia Clubs 1st"]
[Site "Al Ain"]
[Date "2008.12.26"]
[Round "2"]
[White "Khamdamov, Suhrob"]
[Black "Bakr, Jwan"]
[Result "1-0"]
[WhiteElo "2219"]
[BlackElo "2338"]
[PlyCount "60"]
[EventDate "2008.12.25"]
[EventType "team-swiss"]
[EventRounds "7"]
[EventCountry "UAE"]
[SourceTitle "CBM 127 Extra"]
[Source "ChessBase"]
[SourceDate "2009.01.08"]
[SourceVersion "2"]
[SourceVersionDate "2009.01.28"]
[SourceQuality "1"]

1. d4 Nf6 2. c4 g6 3. g3 Bg7 4. Bg2 0-0 5. Nf3 d6 6. 0-0 Nbd7 7. Nc3 e5 8. b3 Re8 9. Qc2 c6 10. Rd1 Qa5 11. d5 cxd5 12. Nxd5 Nxd5 13. Rxd5 Nc5 14. e4 f5 15. Be3 Be6 16. Rxd6 Nxe4 17. Rdd1 Rac8 18. Rac1 b5 19. c5 b4 20. Ng5 Nxg5 21. Bxg5 Kh8 22. Bb7 Rb8 23. c6 Qc7 24. Qc5 f4 25. Qd6 Qf7 26. Ba6 Rf8 27. Rd2 Qf5 28. Be7 Rfe8 29. c7 Rbc8 30. Qd8 Qf7 1-0

[Event "Olympiad-38"]
[Site "Dresden"]
[Date "2008.11.23"]
[Round "10"]
[White "Mohannad, Farhan"]
[Black "Khamdamov, Suhrob"]
[Result "0-1"]
[WhiteElo "2269"]
[BlackElo "2219"]
[PlyCount "84"]
[EventDate "2008.11.13"]
[EventType "team-swiss"]
[EventRounds "11"]
[EventCountry "GER"]
[SourceTitle "CBM 128"]
[Source "ChessBase"]
[SourceDate "2009.01.28"]
[SourceVersion "1"]
[SourceVersionDate "2009.01.28"]
[SourceQuality "1"]
[WhiteTeam "Jordan"]
[BlackTeam "Tajikistan"]
[WhiteTeamCountry "JOR"]
[BlackTeamCountry "TJK"]

1. d4 g6 2. e4 Bg7 3. Nc3 c6 4. f4 d5 5. e5 h5 6. Be3 Nh6 7. Nf3 Bg4 8. Be2 Bxf3 9. Bxf3 e6 10. 0-0 Nd7 11. Bf2 Bf8 12. Na4 Nf5 13. c4 dxc4 14. Nc3 Nb6 15. Ne4 Nd5 16. Qc1 Be7 17. Be2 b5 18. b3 Nb4 19. Rd1 cxb3 20. axb3 0-0 21. Bf3 a5 22. g3 Kg7 23. h3 Rh8 24. Kg2 a4 25. bxa4 Rxa4 26. Nc5 Rxa1 27. Qxa1 Nd5 28. Kg1 g5 29. Nd3 b4 30. g4 hxg4 31. hxg4 Nh4 32. Bxh4 Rxh4 33. f5 exf5 34. gxf5 f6 35. Nc5 Bxc5 36. dxc5 Qe7 37. exf6+ Nxf6 38. Rd6 Rf4 39. Qc1 Rxf5 40. Bxc6 Qe5 41. Bg2 Ng4 42. Rd7+ Kh6 0-1

[Event "Olympiad-38"]
[Site "Dresden"]
[Date "2008.11.17"]
[Round "5"]
[White "Khamdamov, Suhrob"]
[Black "Noguchi, Koji"]
[Result "1-0"]
[WhiteElo "2219"]
[BlackElo "2018"]
[PlyCount "115"]
[EventDate "2008.11.13"]
[EventType "team-swiss"]
[EventRounds "11"]
[EventCountry "GER"]
[SourceTitle "CBM 128"]
[Source "ChessBase"]
[SourceDate "2009.01.28"]
[SourceVersion "1"]
[SourceVersionDate "2009.01.28"]
[SourceQuality "1"]
[WhiteTeam "Tajikistan"]
[BlackTeam "Japan"]
[WhiteTeamCountry "TJK"]
[BlackTeamCountry "JPN"]

1. d4 Nf6 2. c4 c5 3. Nf3 cxd4 4. Nxd4 Nc6 5. Nc3 g6 6. g3 Nxd4 7. Qxd4 Bg7 8. Bg2 0-0 9. 0-0 d6 10. Qd2 Be6 11. Bxb7 Rb8 12. Bf3 Bxc4 13. b3 Be6 14. Bb2 Qa5 15. Rfd1 Rfc8 16. Bg2 Rc7 17. Ne4 Qxd2 18. Rxd2 Nxe4 19. Bxe4 Bxb2 20. Rxb2 Rb4 21. Rc2 Rxc2 22. Bxc2 Rb5 23. Bd3 Rc5 24. Kf1 Ra5 25. Bc2 Kg7 26. h4 Rc5 27. Bd3 Kf6 28. Ke1 h6 29. Kd2 a5 30. Rb1 Bf5 31. e4 Bh3 32. a3 e5 33. b4 axb4 34. axb4 Rc7 35. b5 Ke7 36. b6 Rb7 37. Ba6 Rb8 38. b7 Kd8 39. Rc1 Bd7 40. Rc4 Be6 41. Rc6 Bd7 42. Rc3 Be6 43. f3 f5 44. Kc2 g5 45. hxg5 hxg5 46. Kb2 g4 47. fxg4 fxe4 48. g5 d5 49. g6 Ke7 50. g7 Kf7 51. Rc7+ Kg8 52. Re7 Bf7 53. Rc7 Be6 54. Kc2 d4 55. Bc4 Bxc4 56. Rc8+ Kxg7 57. Rxb8 Bd5 58. Rg8+ 1-0